| 000 | 00628nam a2200181 i 4500 | ||
|---|---|---|---|
| 001 | 82968 | ||
| 003 | ES-MaACL | ||
| 005 | 20230906174747.0 | ||
| 007 | t| | ||
| 008 | 041112s1980 sp s ||||1| spa d | ||
| 080 | _a31:62/69(466.1) | ||
| 110 | 2 |
_aInstituto Nacional de Estadística (España) _95162 |
|
| 245 | 1 | 0 |
_aCenso industrial de España 1978, establecimientos industriales _b: serie provincial : Vizcaya / _cInstituto Nacional de Estadística. |
| 260 |
_a[Madrid : _bEl Instituto., _c1980] |
||
| 300 |
_a81 p. ; _c29 cm. |
||
| 650 | 4 |
_aIndustria- _zVizcaya- _vEstadísticas. _9146973 |
|
| 852 |
_aES-MaACL _jL-17 _bR.100921 |
||
| 999 |
_c82968 _d82968 |
||